| 000 | 00789nam a22002417a 4500 | ||
|---|---|---|---|
| 001 | 30752 | ||
| 003 | UA-OsUOA | ||
| 005 | 20210826160623.0 | ||
| 007 | ta | ||
| 008 | 20041115b un ||||| |||| 00| 0 ukr d | ||
| 040 |
_aUA-OsUOA _brus _cUA-OsUOA _dUA-OsUOA |
||
| 041 | _arus | ||
| 044 | _aRU | ||
| 080 | _a82.09 | ||
| 090 |
_a82.09 _bЛ64 |
||
| 245 |
_aЛитературное наследство. В. Г. Белинский _cред. А. М. Еголин, Н. Ф. Бельчиков, И. С. Зильберштейн, С. А. Макашин |
||
| 260 |
_aМосква _bИзд-во Академии Наук СССР _c1951 |
||
| 300 | _a606 с. | ||
| 505 | _gТ. 3 | ||
| 650 | 7 |
_2UDC _a82 Література. Літературознавство |
|
| 942 |
_cBK _2udc |
||
| 955 | _a2 | ||
| 999 |
_c317166 _d317166 |
||